Los naturalistas en la América Latina / (Record no. 51171)

MARC details
000 -LEADER
campo de control de longitud fija 00935nam a2200217 i 4500
001 - NÚMERO DE CONTROL
campo de control 51171
003 - IDENTIFICADOR DE NÚMERO DE CONTROL
campo de control ES-MaACL
005 - FECHA Y HORA DE LA ÚLTIMA TRANSACCIÓN
campo de control 20230906162319.0
007 - CAMPO FIJO DE DESCRIPCIÓN FÍSICA--INFORMACIÓN GENERAL
campo de control de longitud fija t|
008 - DATOS DE LONGITUD FIJA--INFORMACIÓN GENERAL
campo de control de longitud fija 030811s1949 dr f |||| | spa d
100 1# - ENTRADA PRINCIPAL--NOMBRE DE PERSONA
Nombre de persona Chardon, Carlos E.
9 (RLIN) 38067
245 14 - MENCIÓN DEL TÍTULO
Título Los naturalistas en la América Latina /
Mención de responsabilidad, etc. por Carlos E. Chardon.
260 ## - PUBLICACIÓN, DISTRIBUCIÓN, ETC.
Lugar de publicación, distribución, etc. Ciudad Trujillo (República Dominicana) :
Nombre del editor, distribuidor, etc. [s.n.,
Fecha de publicación, distribución, etc. 1949]
300 ## - DESCRIPCIÓN FÍSICA
Extensión 1 v. (VII, 386 p., 27 lám.) ;
Dimensiones 23 cm.
500 ## - NOTA GENERAL
Nota general Precede al tít.: Secretaría de Estado de Agricultura, Pecuaria y Colonización.
505 8# - NOTA DE CONTENIDO CON FORMATO
Nota de contenido con formato Contiene: I. Los siglos XVI, XVII y XVIII, Alejandro Humboldt, Carlos Darwin, la Española, Cuba y Puerto Rico
650 #4 - PUNTO DE ACCESO ADICIONAL DE MATERIA--TÉRMINO DE MATERIA
Término de materia o nombre geográfico como elemento de entrada Ciencias naturales-
Subdivisión geográfica América Latina.
9 (RLIN) 169308
650 #4 - PUNTO DE ACCESO ADICIONAL DE MATERIA--TÉRMINO DE MATERIA
Término de materia o nombre geográfico como elemento de entrada Naturalistas-
Subdivisión geográfica América Latina.
9 (RLIN) 169309
710 2# - ENTRADA AGREGADA--NOMBRE DE ENTIDAD CORPORATIVA
Nombre de entidad corporativa o nombre de jurisdicción como elemento de entrada República Dominicana.
Unidad subordinada Secretaría de Estado de Agricultura, Pecuaria y Colonización.
9 (RLIN) 169310
852 ## - LOCALIZACIÓN
Ubicación ES-MaACL
Número de control de estantería E-3443
Holdings
Estatus retirado Estado de pérdida Estado de daño No para préstamo Biblioteca de origen Biblioteca actual Ubicación en estantería Fecha de adquisición Fuente de adquisición Total de préstamos Signatura topográfica completa Código de barras Visto por última vez Precio de reemplazo Tipo de ítem Koha
        Biblioteca del Ateneo de Madrid Biblioteca del Ateneo de Madrid Depósito 2 17/01/2008     E-3443 1053822 23/02/2023 23/02/2023 Libro impreso